| 000 | 01259cam a22003131i 4500 | ||
|---|---|---|---|
| 003 | SA-RiAUC | ||
| 005 | 20250428070049.0 | ||
| 008 | 250423s1991 sy g b 00000 ara c | ||
| 040 |
_aSA-RiAUC _bara _cSA-RiAUC _erda |
||
| 050 | 4 | _b.F3 1991 | |
| 082 | 0 | 4 |
_a330.121 _qSA-RiAUC |
| 090 |
_a330.121 _b ف ر ف |
||
| 100 | 1 |
_aالفرفور، محمد عبد اللطيف صالح، _d1945- _eمؤلف. |
|
| 245 | 1 | 0 |
_aأبحاث في الاقتصاد المعاصر : _bدراسة مقارنة بالفقه الإسلامي / _cمحمد عبد اللطيف صالح الفرفور. |
| 250 | _aالطبعة الأولى. | ||
| 264 | 1 |
_aدمشق : _bدار المعرفة، _c1991 |
|
| 300 |
_a202 صفحة ؛ _c24 سم |
||
| 336 |
_aنص _btxt _2rdacontent _3كتاب |
||
| 337 |
_aبدون وسيط _bn _2rdamedia |
||
| 338 |
_aمجلد _bnc _2rdacarrier |
||
| 504 | _aيشتمل على إرجاعات ببليوجرافية. | ||
| 650 | 7 |
_aالاقتصاد الإسلامي _2aucsh |
|
| 650 | 7 |
_aالإسلام والاقتصاد _2aucsh |
|
| 650 | 7 |
_aالمعاملات (فقه إسلامي) _2aucsh |
|
| 942 |
_2ddc _cBOOK _n0 |
||
| 949 |
_aSA-JeALM _d250423 _umohamedma123 _n1 |
||
| 999 |
_c7416 _d7416 |
||